| 000 | 00384nam a2200133Ia 4500 | ||
|---|---|---|---|
| 008 | 231129s9999||||xx |||||||||||||| ||spa|| | ||
| 020 | _a84-8432-624-1 | ||
| 040 | _bspa | ||
| 082 | _a946 E26e | ||
| 100 | _aEdwards John | ||
| 245 | 0 | _aHistoria de España: Edad moderna. El auge del Imperio 1474-1598 | |
| 264 | _aCrítica | ||
| 942 |
_2ddc _cBKS |
||
| 999 |
_c15079 _d15079 |
||